000 00950cam a22002777a 4500
005 20260322212005.0
008 data
010 _a 2005900329
015 _aGBA533482
_2bnb
016 7 _a013180093
_2Uk
020 _a0789313030 (pbk.)
020 _a9780789313034 (pbk.)
040 _aUKM
_cUKM
_dDLC
_dSRB
_dOMP
_dVP@
_dDLC
042 _alccopycat
050 0 0 _aNK2115
_b.M58 2005
082 0 4 _a747
_222
092 _a747 M58 2005
100 1 _aMontano, Mark.
245 1 0 _aDollar store decor :
_b101 projects for lush living that won't break the bank /
_cMark Montano.
260 _aNew York :
_bUniverse Pub.,
_c2005.
300 _a160 p. :
_bcol. ill. ;
_c21 cm.
650 0 _aInterior decoration
_vAmateurs' manuals.
856 4 2 _3Contributor biographical information
_uhttp://www.loc.gov/catdir/enhancements/fy0628/2005900329-b.html
856 4 2 _3Publisher description
_uhttp://www.loc.gov/catdir/enhancements/fy0628/2005900329-d.html
001 data
999 _c70
_d70